| 000 | 01820cam a22005294i 4500 | ||
|---|---|---|---|
| 003 | PE-LiUPU | ||
| 005 | 20250731165550.0 | ||
| 008 | 150625s r 000 0 d | ||
| 035 | _a(Sirsi) a34416 | ||
| 035 | _a(Sirsi) a34416 | ||
| 040 |
_aPE-LiUPU _bspa _cPE-LiUPU _erda |
||
| 082 | 0 | 4 |
_a985.04 _bD _223 |
| 100 | 1 |
_aAlvarez Brun, Felix, _eautor. |
|
| 245 | 1 | 0 |
_aMisiones Peruanas 1820-1826 : _nVolumen 2. _bMisión García del Río-Paroissien / _crecopilación y prólogo de Félix Alvarez Brun. |
| 264 | 1 |
_aLima : _bComisión Nacional del Sesquicentenario de la Independencia del Perú, _c1972. |
|
| 300 |
_a621 páginas ; _c25 centímetros. |
||
| 336 |
_atext _2rdacontent |
||
| 337 |
_aunmediated _2rdamedia |
||
| 338 |
_avolume _2rdacarrier |
||
| 490 | 0 |
_aColección Documental de la Independencia del Perú ; _v11 |
|
| 500 | _a"Año de los censos nacionales" | ||
| 505 | _a(Documentos) | ||
| 526 | _aSEG44 | ||
| 526 | _aSEG26 | ||
| 526 | _aP151 | ||
| 526 | _aP150 | ||
| 526 | _aP149 | ||
| 526 | _aP146 | ||
| 526 | _aP145 | ||
| 526 | _aP126 | ||
| 526 | _aP125 | ||
| 526 | _aP92 | ||
| 526 | _aP75 | ||
| 526 | _aP74 | ||
| 526 | _aP27 | ||
| 526 | _aP15 | ||
| 600 | 1 |
_aGarcía del Río, Juan. _d1794-1856 |
|
| 600 | 1 | _aParoissien, Diego | |
| 651 |
_aPerú _xHistoria _yEmancipación, 1808-1824 _vFuentes |
||
| 651 |
_aPerú _xHistoria _yRepública, 1825- _vFuentes |
||
| 651 |
_aPerú _xRelaciones exteriores. |
||
| 700 | 1 |
_aAlvarez Brun, Félix, _d1922- , _ecompilador. |
|
| 942 |
_2ddc _cBK |
||
| 949 |
_aRC 985.04 D 11 / 2 _wDEWEY _c1 _i17012 _lRC _mBUL _r0 _sY _tBOOK _u2015-6-25 _xBIBLIOTECA _zUNKNOWN _0COMPRA _o.CIRCNOTE. No olvidar cambiar la fecha de devolución!!!!!!! _o.STAFF. Colección General |
||
| 999 |
_c42270 _d42270 |
||
| 980 |
_81 _gALBERTO SANCHEZ Responsable de Automatización |
||